Biblioteca

Amigos de Jesus (Registro nro. 67783)

Detalles MARC
000 -LÍDER
Campo fijo de descripción fija 01103nam a22002417a 4500
001 - NÚMERO DE CONTROL
Campo de control BINCO
003 - IDENTIFICADOR DEL NÚMERO DE CONTROL
Campo de control CO-MdBIC
005 - FECHA Y HORA DE LA ULTIMA TRANSACCIÓN
control field 20220423174151.0
008 - ELEMENTOS DE LONGITUD FIJA -- INFORMACIÓN GENERAL
Campo fijo de descripción fija -- Información general 220423b2012 mx a|||| |||| 00| 0 spa d
020 ## - NÚMERO INTERNACIONAL NORMALIZADO PARA LIBROS
Número Internacional Normalizado del libro 9786077730781
040 ## - FUENTE DE CATALOGACIÓN
Agencia de catalogación original CO-MdBIC
Idioma de catalogación spa.
Agencia que realiza la transcripción CO-MdBIC
Agencia que realiza la modificación CO-MdBIC
041 ## - CÓDIGO DE IDIOMA
Código de idioma para texto/pista de sonido o título separado spa
082 ## - NÚMERO DE CLASIFICACIÓN DECIMAL DEWEY
Número de la edición del Dewey 22
Número de clasificación 868
Clave de autor-Numero de item AL472
100 ## - ASIENTO PRINCIPAL--NOMBRE PERSONAL
Nombre personal Alvarado Zemleduch, Cesia
245 ## - TÍTULO
Título del Material Amigos de Jesus
Mención de responsabilidad, etc. / Alvarado Zemleduch, Cesia, escritor
250 ## - MENCIÓN DE EDICIÓN
Mención de edición Primera edición
260 1# - PUBLICACIÓN, DISTRIBUCIÓN, ETC. (PIE DE IMPRENTA)
Lugar de publicación, distribución, etc. México:
Nombre del editor, distribuidor, etc. Gema,
Fecha de publicación, distribución, etc. [2012]
260 4# - PUBLICACIÓN, DISTRIBUCIÓN, ETC. (PIE DE IMPRENTA)
Lugar de publicación, distribución, etc. © 2012
300 ## - DESCRIPCIÓN FÍSICA
Extensión 182 paginas;
Otros detalles físicos ilustraciones a color:
Dimensiones 21 cm.
500 ## - NOTA GENERAL
Nota General ¡Qué importante es tener amigos! Todos los niños necesitan amigos. Pero hay alguien especial que disfruta la amistad de todos los pequeños: Jesús. La simpatía de un niño es sumamente valiosa para él.<br/>La biblia dice que Jesús se acercó a los niños y fueron un elemento fundamental de su ministerio. Gracias a las lecturas de este libro, tanto grandes como pequeños tendrán el privilegio de conocer a Jesús.
650 #7 - ASIENTO SECUNDARIO DE MATERIA - TERMINO TEMÁTICO
9 (RLIN) 100
Término temático o nombre geográfico como elemento de entrada Educación infantil
Subdivisión general historias biblicas
942 ## - TIPO DE MATERIAL (KOHA)
Tipo de Item KOHA Z- Libro General BINCO
Existencias
Estado de Material Estado de Perdido Forma de Clasificación Estado de Dañado No para Préstamo Biblioteca de Origen Biblioteca Permanente Fecha de Adquisición Área Total de Préstamos Signatura Topográfica Código de Barras Última vez visto Ejemplar/Existencia Fecha de Remplazo Tipo de Material
    Dewey Decimal Classification     Biblioteca Infantil Comunitaria BINCO Biblioteca Infantil Comunitaria BINCO 23/04/2022 BINCO   868 AL472 B32153 23/04/2022 ej.1 23/04/2022 Z- Libro General BINCO

Biblioteca FUSBC | Teléfono: (57+4) 349 88 10 Ext. 141| WhatsApp (+57) 3005338115 
E-mail: biblioteca@unisbc.edu.co | Calle 76 87-14 Robledo Palenque, Medellín, Colombia

Con tecnología Koha